[Event "FRA-chT3 Gr01 0607"]
[Site "France"]
[Date "2006.10.15"]
[Round "1.7"]
[White "Berges, Ramiro"]
[Black "De Vathaire, Michel"]
[Result "1-0"]
[WhiteElo "1830"]
[BlackElo "1810"]
[PlyCount "54"]
[EventDate "2006.10.15"]
[EventType "team-tourn"]
[EventRounds "9"]
[EventCountry "FRA"]
[SourceTitle "EXT 2008"]
[Source "ChessBase"]
[SourceDate "2007.11.25"]
[SourceVersion "1"]
[SourceVersionDate "2007.11.25"]
[SourceQuality "1"]

1. d4 d6 2. e4 Nf6 3. Nc3 g6 4. g3 Bg7 5. Bg2 c6 6. Nge2 0-0 7. 0-0 Nbd7 8. f4 e5 9. dxe5 dxe5 10. f5 Qb6+ 11. Kh1 Ng4 12. Qe1 Ndf6 13. h3 Ne3 14. Bxe3 Qxe3 15. Rd1 Qc5 16. g4 g5 17. Bf3 Bd7 18. h4 h6 19. hxg5 hxg5 20. Kg2 Rad8 21. Rh1 Bc8 22. Ng3 Qe7 23. Qe3 Nd7 24. Rh5 f6 25. Rdh1 Nb6 26. Be2 Kf7 27. a4 a5 1-0